00601pam a2200193 a 4500001000800000005001700008008004100025010001700066020002500083040001800108050002000126100002300146245007000169260004700239300002400286504004100310650002900351650002700380187720720170127161813.0830210s1983 nyu b 000 0 eng  a 83002759  a0932648282 :c$50.00 aDLCcDLCdDLC00aHD56b.S29 19831 aSayles, Leonard R.14aThe complete book of practical productivity /cLeonard R. Sayles. aNew York, N.Y. :bBoardroom Books,cc1983. ax, 186 p. :c29 cm. aIncludes bibliographical references. 0aIndustrial productivity. 0aIndustrial management.